000
00222nam a2200097Ia 4500
008
230915s9999 xx 000 0 und d
050
_a
KF 801.D89 2009 C.1
100
_a
DuxBury,Robert
245
0
_a
Nutshells
942
_c
BK
999
_c
163817
_d
163817